000 00937cam a2200241 i 4500
003 SA-RiAUC
005 20250217074821.0
008 250215s1981 pk g 000 0 ara c
040 _aSA-RiKSU
_bara
_cSA-RiAUC
_erda
082 0 4 _a257.5
090 _a257.5
_bص د ي
100 1 _aصديق حسن خان، محمد صديق بن حسن بن علي،
_d1248-1307 هجري
_eمؤلف.
245 1 0 _aظفر اللاضي بما يجب في القضا على القاضي /
_cمحمد صديق حسن خان.
250 _aالطبعة الأولى.
264 1 _aلاهور، باكستان :
_bالمكتبة السلفية،
_c1981
300 _a297 صفحة ؛
_c24 سم
336 _aنص
_btxt
_2rdacontent
_3كتاب
337 _aبدون وسيط
_bn
_2rdamedia
338 _aمجلد
_bnc
_2rdacarrier
650 7 _aالقضاء في الإسلام
_2aucsh
942 _2ddc
_cBOOK
_n0
949 _aSA-JeALM
_d250215
_umohamedma123
_n1
999 _c6021
_d6021